| 000 | 00989nam a22002657a 4500 | ||
|---|---|---|---|
| 001 | 7654 | ||
| 003 | FISKH | ||
| 005 | 20250729160811.0 | ||
| 008 | 250729b cb ||||| |||| 00| 0 eng d | ||
| 020 | _a9780439326438 | ||
| 040 |
_aFISKH _beng _cFISKH _dFISKH |
||
| 050 | _aBL782 | ||
| 082 | _a292.13 | ||
| 100 | _aEvans, Chery | ||
| 245 |
_aUsborne illustrated to Greek myths & legends / _cBy Chery Evans and Anne Millard : With illustrations by Rodney Matthews |
||
| 250 | _aFirst Scholastic printing, September 2001 | ||
| 260 |
_aNew York : _bScholastic , _c1985. |
||
| 300 |
_a40 pages : _bcolor illustrations , maps ; _c25 cm . |
||
| 520 | _aIdentifies the gods, goddesses, heroes, and monsters of Greek mythology, recounts the most famous stories, and briefly describes Greek history and culture. | ||
| 650 |
_aGreek mythology _vNon-fiction |
||
| 650 |
_aAncient history _vNon-fiction |
||
| 700 |
_aMatthews, Rodney _eIllustrator |
||
| 942 |
_2ddc _cBK _n0 |
||
| 999 |
_c7654 _d7654 |
||